Fulham FC Squad 2025-2026 - Statistics

General Stats
  • This quiz has been taken 340 times
    78 since last reset
  • The average score is 20 of 26
Answer Stats
# Position Nation Player % Correct
1 GK Germany Bernd Leno
98%
7 FW Mexico Raúl Jiménez
97%
8 FW Wales Harry Wilson
95%
3 DF Nigeria Calvin Bassey
90%
5 DF Denmark Joachim Andersen
89%
17 FW Nigeria Alex Iwobi
85%
- Coach Portugal Marco Silva
85%
20 MF Serbia Saša Lukić
85%
2 DF Netherlands Kenny Tete
84%
16 MF Norway Sander Berge
84%
21 DF Belgium Timothy Castagne
84%
33 DF United States Antonee Robinson
82%
9 FW Brazil Rodrigo Muniz
82%
11 FW Spain Adama Traoré
79%
22 FW Brazil Kevin
77%
14 FW Norway Oscar Bobb
77%
19 FW Nigeria Samuel Chukwueze
77%
10 MF Scotland Tom Cairney
75%
6 MF England Harrison Reed
72%
31 DF Morocco Issa Diop
70%
15 DF Spain Jorge Cuenca
67%
32 MF England Emile Smith Rowe
64%
24 MF England Josh King
62%
23 GK France Benjamin Lecomte
56%
30 DF England Ryan Sessegnon
49%
18 FW Sweden Jonah Kusi-Asare
36%
No matching quizzes found
Score Distribution
Percent of People with Each Score
Percentile by Number Answered
Your Score History
You have not taken this quiz since the last reset